000 00347nam a2200145Ia 4500
008 230312s9999||||xx |||||||||||||| ||und||
082 _a370
_bEDU
100 _aDogal Unique
245 0 _aEducational Management Cadet Guide EMC
260 _bDoger Unique
_aPakistan
_c2000
300 _a479
546 _aUrdu
650 _aManagement
942 _cBK
999 _c1922
_d1922